000 00793nam a22002412 4500
001 0000001738
005 20151217155813.0
008 070326s xx 000 0 eng d
020 _a0821415700 :
_cKES 2,950
040 _aKABU
_cKABU
050 0 _aGN645
_b.E84
245 1 0 _aEthnicity and democracy in Africa /
_ced. by Bruce Berman, Dickson Eyoh and Will Kymlicka.
260 _aOxford :
_bJames Currey,
_c2004.
300 _axv, 336 p.
650 0 _aEthnicity
_xPolitical aspects
_zAfrica.
_@0000150731
650 0 _aPolitical anthropology
_zAfrica.
_@0000150732
700 1 _aBerman, Bruce.
_@0000150733
700 1 _aEyoh, Dickson.
_@0000150734
700 1 _aKymlicka, Will.
_@0000150735
908 _a070326
950 _@1
999 _c12634
_d12634